Ventajas competitivas a través del benchmarking : análisis comparativo de la competencia para obtener ventajas competitivas en nuestra empresa /
Guardado en:
| Autor Principal: | |
|---|---|
| Otros Autores: | , |
| Formato: | Libro |
| Idioma: | Spanish English |
| Publicado: |
Barcelona :
Ediciones Folio,
1994.
|
| Series: | Biblioteca de empresa ;
19. |
| Materias: | |
| Etiquetas: |
Agregar Etiqueta
Sin Etiquetas, Sea el primero en etiquetar este registro!
|
| LEADER | 01104nam a22002895a 4500 | ||
|---|---|---|---|
| 001 | EAD.ead001850 | ||
| 008 | 090909s1994####sp############001#0#spa#d | ||
| 005 | 20101004142147.0 | ||
| 245 | 1 | 0 | |a Ventajas competitivas a través del benchmarking : |b análisis comparativo de la competencia para obtener ventajas competitivas en nuestra empresa / |c Tony Bendell, Louise Boulter [y] John Kelly. |
| 260 | |a Barcelona : |b Ediciones Folio, |c 1994. | ||
| 300 | |a 310 p. ; |c 25 cm. | ||
| 490 | 0 | |a Biblioteca de empresa ; |v 19 | |
| 500 | |a Traducción de: Benchmarking for competitive advantage. | ||
| 500 | |a "Financial Times"--Tapa. | ||
| 500 | |a Incluye índice. | ||
| 020 | |a 8475836577 (obra completa) | ||
| 020 | |a 8475837190 (volumen 19) | ||
| 100 | 1 | |a Bendell, A. | |
| 700 | 1 | |a Boulter, Louise. | |
| 700 | 1 | |a Kelly, John E., |d 1952- | |
| 830 | 0 | |a Biblioteca de empresa ; |v 19. | |
| 082 | 0 | 4 | |a 658.562 |2 21 |
| 650 | 7 | |a Benchmarking. |2 isoc | |
| 650 | 7 | |a Estrategia competitiva. |2 isoc | |
| 650 | 7 | |a Ventaja competitiva. |2 isoc | |
| 041 | 1 | |a spa |h eng | |
| 859 | |a AR-BaBDC |b BIB. ADMINISTRACION - Libros |h 658.562 |i B432 |p b04872 | ||
